000 00624nam a2200193 4500
001 120747
003 ES-MaACL
005 20230906191620.0
007 t|
008 070214s1970 sp r ||||1| spa d
100 1 _aPraderie, Michel.
_993594
245 1 4 _aLos terciarios /
_cMichel Praderie. El terciario en España / Juan Ignacio Puigdoller ; [traducción: Luis Botines].
260 _aBarcelona :
_bA. Redondo,
_c1970.
300 _a157 p. ;
_c18 cm.
700 1 _aPuigdoller, Juan Ignacio.
_994295
700 1 _aBotines, Luis.
_930788
740 0 _aEl terciario en España.
852 _aES-MaACL
_jC-44307
_bR.74825
999 _c120747
_d120747